000 00401pam a2200157a 44500
008 230405s1985 xxu||||| |||| 00| 0 eng d
041 _aENG
100 _aSheridan,R.B.
245 _aThe School For Scandol
260 _aBOMBAY
_bMacamillan Bombay
_c1985
300 _a134p.
440 _aSource =RATANAKR MIRAJ
650 _aENGINEERING AND ALLIED OPERIONS
690 _aENGLISH
906 _a1219
999 _c781443
_d781443